Philippians: (Record no. 5899)

000 -LEADER
fixed length control field 00604nam a2200181 a 4500
001 - CONTROL NUMBER
control field :::00003641$&:&@@
003 - CONTROL NUMBER IDENTIFIER
control field OkBaRHE
005 - DATE AND TIME OF LATEST TRANSACTION
control field 20100401125048.0
008 - FIXED-LENGTH DATA ELEMENTS--GENERAL INFORMATION
fixed length control field s1985 j 000 0 eng u
040 ## - CATALOGING SOURCE
Transcribing agency
100 1# - MAIN ENTRY--PERSONAL NAME
Personal name Hufton, Rick.
245 10 - TITLE STATEMENT
Title Philippians:
Remainder of title our high calling.
260 ## - PUBLICATION, DISTRIBUTION, ETC. (IMPRINT)
Place of publication, distribution, etc Maryland Heights, MO., :
Name of publisher, distributor, etc Grace World Outreach Center
Date of publication, distribution, etc 1985
300 ## - PHYSICAL DESCRIPTION
Extent 116 p. : illus. ;
Dimensions 22 cm.
650 ## - SUBJECT ADDED ENTRY--TOPICAL TERM
Topical term or geographic name as entry element Bible New Testament Philippians
General subdivision Commentaries
942 ## - ADDED ENTRY ELEMENTS (KOHA)
Source of classification or shelving scheme
Koha item type Books
Copies
Permanent Location Lost status Source of classification or shelving scheme Withdrawn status Shelving location Not for loan Copy number Date acquired Koha item type Price effective from Barcode Date last seen Full call number Damaged status
RHEMA Bible Training College   General Stacks 12010-04-14Books2010-04-1436412018-04-03BS 2705.3 .H84 1985